Microwave electronics (Record no. 1211390)

MARC details
000 -LEADER
fixed length control field 01201nam a2200325Ia 4500
003 - CONTROL NUMBER IDENTIFIER
control field OSt
005 - DATE AND TIME OF LATEST TRANSACTION
control field 20221007123115.0
008 - FIXED-LENGTH DATA ELEMENTS--GENERAL INFORMATION
fixed length control field 221006b |||||||| |||| 00| 0 eng d
020 ## - INTERNATIONAL STANDARD BOOK NUMBER
International Standard Book Number 9783319688909 (hbk)
037 ## - SOURCE OF ACQUISITION
Terms of availability Textual
040 ## - CATALOGING SOURCE
Original cataloging agency PAPL
Transcribing agency PAPL
Language of cataloging eng
041 ## - LANGUAGE CODE
Source of code eng
Language code of text/sound track or separate title eng
100 ## - MAIN ENTRY--PERSONAL NAME
Personal name Grigoriev Andrey D
9 (RLIN) 716495
245 #0 - TITLE STATEMENT
Title Microwave electronics
Remainder of title Ivanov Vyacheslav A Molokovsky Sergey L
260 ## - PUBLICATION, DISTRIBUTION, ETC.
Place of publication, distribution, etc. Switzerland
Name of publisher, distributor, etc. Springer
Date of publication, distribution, etc. 2018
300 ## - PHYSICAL DESCRIPTION
Extent xxiii, 554p. ill.
Dimensions cm.
490 ## - SERIES STATEMENT
Series statement Springer series in advanced microelectronic 61
500 ## - GENERAL NOTE
General note Appendix A-C 489-543p.; Bibliography 545-546p.; Index 547-554p.
650 ## - SUBJECT ADDED ENTRY--TOPICAL TERM
Topical term or geographic name entry element Gyro-Resonant devices
9 (RLIN) 716496
650 ## - SUBJECT ADDED ENTRY--TOPICAL TERM
Topical term or geographic name entry element Microwave transistors
9 (RLIN) 716497
650 ## - SUBJECT ADDED ENTRY--TOPICAL TERM
Topical term or geographic name entry element Physics
700 ## - ADDED ENTRY--PERSONAL NAME
Personal name Ivanov Vyacheslav A
9 (RLIN) 716498
700 ## - ADDED ENTRY--PERSONAL NAME
Personal name Molokovsky Sergey L
9 (RLIN) 716499
942 ## - ADDED ENTRY ELEMENTS (KOHA)
Classification part D65, Q8 Carpa
Koha item type Textual
Source of classification or shelving scheme Colon Classification (CC)
Holdings
Withdrawn status Lost status Source of classification or shelving scheme Damaged status Not for loan Home library Current library Date acquired Source of acquisition Total Checkouts Full call number Barcode Date last seen Price effective from Koha item type
    Colon Classification (CC)     Department of Physics and Astrophysics Library Department of Physics and Astrophysics Library 2022-10-07 27960, 13/02/2019, Overseas Press (India) Pvt. Ltd.   D65 Q8 Carpa PA0007500 2022-10-07 2022-10-07 Textual
Copyright @ Delhi University Library System